书目信息 |
| 题名: |
城市供水藻类污染控制研究
|
|
| 作者: | 贾瑞宝 , 周善东 著 | |
| 分册: | ||
| 出版信息: | 济南 山东大学出版社 2006.04 |
|
| 页数: | 247页 | |
| 开本: | 20cm | |
| 丛书名: | ||
| 单 册: | ||
| 中图分类: | TU991.2 | |
| 科图分类: | ||
| 主题词: | 城市供水--cheng shi gong shui--水污染--污染控制--研究 | |
| 电子资源: | ||
| ISBN: | 7-5607-3164-3 | |
| 000 | 00924nam0 2200241 450 | |
| 001 | 012006517285 | |
| 005 | 20061129152943.85 | |
| 010 | @a7-5607-3164-3@dCNY28.00 | |
| 100 | @a20061027d2006 km y0chiy0120 ea | |
| 101 | 0 | @achi@aeng |
| 102 | @aCN@b370000 | |
| 105 | @aa a 000yy | |
| 200 | 1 | @a城市供水藻类污染控制研究@Acheng shi gong shui zao lei wu ran kong zhi yan jiu@f贾瑞宝, 周善东等著@Fjia rui bao,zhou shan dong deng zhu |
| 210 | @a济南@c山东大学出版社@d2006.04 | |
| 215 | @a247页@c图@d20cm | |
| 320 | @a有书目。 | |
| 330 | @a本书介绍了城市供水污染检测评价体系,山东省城市供水藻类污染特性、常规除藻工艺,高效低毒除藻技术试验,典型除藻工艺示范工程等,具有一定的学术性和应用性。 | |
| 606 | 0 | @a城市供水@Acheng shi gong shui@x水污染@x污染控制@x研究 |
| 690 | @aTU991.2@v4 | |
| 701 | 0 | @a贾瑞宝@Ajia rui bao@4著 |
| 701 | 0 | @a周善东@Azhou shan dong@4著 |
| 801 | 0 | @aCN@c20061129 |
| 905 | @apdsgxy@dTU991.2@eJ246 | |
| 城市供水藻类污染控制研究/贾瑞宝, 周善东等著.-济南:山东大学出版社,2006.04 |
| 247页:图;20cm |
| ISBN 7-5607-3164-3:CNY28.00 |
| 本书介绍了城市供水污染检测评价体系,山东省城市供水藻类污染特性、常规除藻工艺,高效低毒除藻技术试验,典型除藻工艺示范工程等,具有一定的学术性和应用性。 |
| ● |
| 相关链接 |
|
|
|
正题名:城市供水藻类污染控制研究
索取号:TU991.2/J246
 
预约/预借
| 序号 | 登录号 | 条形码 | 馆藏地/架位号 | 状态 | 备注 |
| 1 | 223856 | 202238569 | 建筑库201/201建筑库 131排2列1层/ [索取号:TU991.2/J246] | 在馆 | |
| 2 | 223857 | 202238578 | 建筑库201/201建筑库 131排2列1层/ [索取号:TU991.2/J246] | 在馆 | |
| 3 | 223858 | 202238587 | 建筑库201/201建筑库 131排2列1层/ [索取号:TU991.2/J246] | 在馆 |